000
00200nam a22000857a 4500
003
SGT
245
_a
INDIAN JOURNAL OF PATHOLOGY & MICROBIOLOGY
260
_a
INDIA
_b
WOLTERS KLUWER
_c
2021
942
_2
ddc
_c
BV
999
_c
24432
_d
24432